Vinársky areál v malokarpatskej oblasti

Uložené v:
Podrobná bibliografia
Hlavný autor: Podskočová, Petra (Autor)
Ďalší autori: Hanzl, Jakub (Vedúci práce)
Médium: Rukopis Kniha
Jazyk:Slovak
Vydavateľské údaje: 2023
Predmet:
On-line prístup:http://is.stuba.sk/zp/portal_zp.pl?podrobnosti=156039
https://opac.crzp.sk/?fn=detailBiblioForm&sid=1755732D0F093F4378A432EAC795
Tagy: Pridať tag
Žiadne tagy, Buďte prvý, kto otaguje tento záznam!

MARC

LEADER 00000ntm a22000003a 4500
001 stuzp93724
003 SK-STU
005 20230921084335.5
007 ta
008 150427s2015----xo-----f-mn---000-0-slo-d
040 |a STU  |b slo 
041 0 |a slo 
100 1 |a Podskočová, Petra  |u 010310  |4 aut  |U SvF Stavebná fakulta  |T SvF Katedra architektúry  |X 103940  |U V181|V310  |Y 19  |7 103940 
242 0 1 |a Winery in region of Malé Karpaty  |y eng 
245 1 0 |a Vinársky areál v malokarpatskej oblasti 
260 |c 2023 
650 4 |a vinárstvo  |2 slo 
650 4 |a Horné Orešany  |2 slo 
650 4 |a architektúra  |2 slo 
650 4 |a winery  |2 eng 
650 4 |a Horné Orešany  |2 eng 
650 4 |a architecture  |2 eng 
700 1 |a Hanzl, Jakub  |u 010310  |k Z3  |4 ths  |U SvF Stavebná fakulta  |T SvF Katedra architektúry  |X 75848  |U V181|V310  |Y 19  |7 75848 
856 4 |u http://is.stuba.sk/zp/portal_zp.pl?podrobnosti=156039 
856 4 |u https://opac.crzp.sk/?fn=detailBiblioForm&sid=1755732D0F093F4378A432EAC795